000 00587nam a2200277Ia 4500
005 20260401122432.0
008 008 250103s9999 xx 000 0 eng d
020 _a9780312294540
037 _aTB
040 _aEDL
040 _beng
040 _cEDL
041 _2eng
041 _aeng
084 _a822.33BUR
084 _qEDL
245 0 _aShakespeare after mass media
260 _aNewYork
260 _bPalgrave McMillian
260 _c2002
300 _a340p
942 _cTB
942 _h822.33BUR
999 _c1847262
_d1847262